| 000 | 01323nam a2200361 i 4500 | ||
|---|---|---|---|
| 001 | 197465 | ||
| 003 | ES-MaACL | ||
| 005 | 20250805062635.0 | ||
| 007 | ta | ||
| 008 | 900725s1956 sp spa | ||
| 016 | 7 |
_abimoBNE19972180225 _zIND9100141267 _2SpMaBN |
|
| 035 | _a(OCoLC)431944909 | ||
| 035 | _a(SpMaBN)bimo0000735417 | ||
| 040 |
_aSpMaBN _bspa _cA2 |
||
| 080 | _a946.41 Getafe(Part.) | ||
| 100 | 0 |
_aCastañeda y Muñoz, Florentino _936415 _eaut |
|
| 245 | 1 | 0 |
_aEntre Pinto y Valdemoro / _cpor Florentino Castañeda Muñoz |
| 260 |
_aMadrid : _b[s.n.], _c1956, _f[Imp. Mateu-Cromo] |
||
| 300 |
_a196 p., 1 lám. ; _c21 cm |
||
| 336 |
_2rdacontent _atexto |
||
| 337 |
_2rdamedia _asin mediación |
||
| 338 |
_2rdacarrier _avolumen |
||
| 500 | _aPrecede al tit.: Excma. Diputación Provincial de Madrid | ||
| 500 | _aGrab. intercal. | ||
| 651 | 7 |
_aGetafe _xHistoria _2embne _9240824 |
|
| 710 | 1 |
_aMadrid (Provincia). _bDiputación Provincial _9134671 |
|
| 852 |
_aES-MaACL _cDEPO1 _jA-15558 _hDonación: Fernando Codina Rodríguez _xEncuadernación rústica _9205905 |
||
| 903 |
_aCodina Rodríguez, Fernando _ednr _9238631 |
||
| 942 |
_n0 _cMONOGRAFIA |
||
| 999 |
_c197465 _d197465 |
||